| 000 | 00318 a2200121 4500 | ||
|---|---|---|---|
| 001 | 66103 | ||
| 082 | _a346.015 TAN | ||
| 090 |
_c38408 _d38408 |
||
| 100 | _aTanzilur Rahman | ||
| 245 |
_aMuslim Family Laws Ordinance Islamic & Social Survey _hEnglish |
||
| 260 |
_aKarachi _bRoyal Book Company _c1997 |
||
| 300 | _a399 | ||
| 942 |
_acaenust _k346.015 TAN |
||
| 999 |
_c301176 _d301176 |
||